His gospel of life, love and light: (Record no. 6124)

000 -LEADER
fixed length control field 00705nam a2200193 a 4500
001 - CONTROL NUMBER
control field :::00003867$&:&@@
003 - CONTROL NUMBER IDENTIFIER
control field OkBaRHE
005 - DATE AND TIME OF LATEST TRANSACTION
control field 20100331131202.0
008 - FIXED-LENGTH DATA ELEMENTS--GENERAL INFORMATION
fixed length control field s1929 j 000 0 eng u
040 ## - CATALOGING SOURCE
Transcribing agency
100 1# - MAIN ENTRY--PERSONAL NAME
Personal name Harrison, Norman B.
245 10 - TITLE STATEMENT
Title His gospel of life, love and light:
Remainder of title
Statement of responsibility, etc the gospel of John and first epistle of John.
260 ## - PUBLICATION, DISTRIBUTION, ETC. (IMPRINT)
Place of publication, distribution, etc Chicago, IL., :
Name of publisher, distributor, etc Moody Press
Date of publication, distribution, etc 1929
300 ## - PHYSICAL DESCRIPTION
Extent 96 p. ;
Dimensions 20 cm.
650 ## - SUBJECT ADDED ENTRY--TOPICAL TERM
Topical term or geographic name as entry element Bible New Testament 1 John
General subdivision Criticism, Interpretation, etc.
650 ## - SUBJECT ADDED ENTRY--TOPICAL TERM
Topical term or geographic name as entry element Bible New Testament John
General subdivision Criticism, Interpretation, etc.
942 ## - ADDED ENTRY ELEMENTS (KOHA)
Source of classification or shelving scheme
Koha item type Books
Copies
Date acquired Barcode Date last seen Copy number Full call number Damaged status Withdrawn status Not for loan Permanent Location Lost status Shelving location Price effective from Koha item type Source of classification or shelving scheme
2010-04-1438672018-04-031BS 2805 .H3 H5   RHEMA Bible Training College General Stacks2010-04-14Books